[Event "URS-ch58"]
[Site "Moscow"]
[Date "1991.??.??"]
[Round "2"]
[White "Meister, Jakob"]
[Black "Lerner, Konstantin Z"]
[Result "1-0"]
[WhiteElo "2430"]
[BlackElo "2540"]
[Annotator "Blatny,P"]
[PlyCount "91"]
[EventDate "1991.11.??"]
[EventType "swiss"]
[EventRounds "11"]
[EventCountry "URS"]
[SourceTitle "URS-ch"]
[Source "ChessBase"]
[SourceDate "1999.07.01"]
[SourceVersion "1"]
[SourceVersionDate "1999.07.01"]
[SourceQuality "1"]

1. e4 c5 2. Nc3 Nc6 3. f4 e6 4. Nf3 a6 5. d4 cxd4 6. Nxd4 Nge7 {/\ 7...Nd4 8.
Qd4 Nc6} (6... Bc5 $5) 7. Nf3 Ng6 {Taimanow's idea} 8. Be3 {/\ 9.Qd2 10.0-0-0}
Be7 9. Qd2 b5 10. O-O-O d6 (10... b4 $2 11. Na4 $16) 11. h4 {/\12.h5 ()} Nf8
12. g4 Nd7 13. Qf2 {/^ e3-a7} Qc7 14. g5 b4 15. Na4 {><b6} Rb8 16. b3 Bb7 {
/^ a8-h1, ><e4} 17. Bh3 {/^ h3-c8, קe6} Na5 18. f5 e5 (18... Bxe4 19. fxe6
fxe6 20. Bxe6 Rc8 21. Rd2 Rf8 22. Rh3 $36) 19. f6 gxf6 20. Bxd7+ (20. gxf6 Nxf6
{קe4}) 20... Qxd7 21. gxf6 Bxf6 22. Nc5 $1 Qc6 23. Nd4 $1 exd4 (23... Qxc5 24.
Qxf6 Rg8 (24... exd4 25. Bxd4 $18) 25. Nf5 Qc7 26. Nxd6+ $18) 24. Qxf6 Rg8 (
24... dxc5 25. Qxh8+ $18) 25. Nxb7 (25. Bg5 Rxg5) 25... Nxb7 (25... dxe3 26.
Nxd6+ Kd7 27. Qxf7+ $18) 26. Bg5 Qd7 27. Rxd4 Qe6 (27... a5 28. e5 $40) 28.
Qxe6+ (28. Rxb4 Qxf6 29. Bxf6 Rg4) 28... fxe6 29. Rxb4 {/\Rb6 קa6,d6,e6} a5
30. Rb5 Kd7 {/\ <->8} 31. a4 Kc6 32. e5 {><c5} (32. Rh3 Nc5) 32... d5 $8 33.
Rh3 {<->c} Nc5 (33... d4 34. Rd3 $18 {/^ g5-d8}) (33... Rgc8 34. Rc3+ Kd7 35.
Rxc8 Kxc8 36. Bd2 $18) 34. Rxa5 Ne4 35. Ra6+ Kd7 36. Ra7+ Kc6 37. Rxh7 Nxg5 38.
hxg5 Rxg5 39. Rc3+ Kb6 40. Re3 (40. Rhc7 Rxe5 41. R3c6+ Ka5 42. Kb2 Re2 (42...
Re1 43. Ra7+ Kb4 44. c3#) 43. Ka3 Ra8 44. Rb7 $18) 40... Rc8 41. Re2 Kc5 42.
Rh3 d4 43. Rd2 Kb4 44. Kb2 (44. Rxd4+ Ka3) 44... Rd8 45. Rhd3 Kc5 46. c3 1-0

[Event "Prague"]
[Site "Prague"]
[Date "1993.??.??"]
[Round "6"]
[White "David, Alberto"]
[Black "Taimanov, Mark E"]
[Result "1-0"]
[WhiteElo "2380"]
[BlackElo "2500"]
[Annotator "Blatny,P"]
[PlyCount "51"]
[EventDate "1993.09.??"]
[EventType "tourn"]
[EventRounds "9"]
[EventCountry "CZE"]
[EventCategory "10"]
[SourceTitle "CBM 037"]
[Source "ChessBase"]
[SourceDate "1993.12.01"]
[SourceVersion "1"]
[SourceVersionDate "1993.12.01"]
[SourceQuality "1"]

1. e4 c5 2. Nf3 e6 3. d4 cxd4 4. Nxd4 Nc6 5. Nc3 a6 6. Nxc6 (6. Be3 Nge7 7. Nb3
d6 8. a4 b6 9. Qd2 Bb7 10. f4 Nc8 11. Be2 Be7 12. O-O O-O 13. Bf3 Qc7 {1/4
Kveinys-Tajmanov/Prague/1993/}) 6... bxc6 7. Bd3 d5 8. O-O Nf6 9. Qe2 Be7 10.
b3 O-O 11. Bb2 Nd7 (11... a5 12. Rad1 Qc7 13. Na4 Bb7 14. c4 Rfd8 $6 (14...
dxe4 $142 15. Bxe4 Nxe4 16. Qxe4 Bd6 $13) 15. e5 Nd7 16. cxd5 cxd5 17. Rc1 Qb8
18. Bd4 $16 {Smyslov-Hansen,Cu/Biel izt/1993/}) 12. Na4 Bf6 $6 {/^a1-h8:(+)}
13. e5 Be7 14. c4 $1 a5 15. cxd5 cxd5 16. Rac1 Nb6 17. Nc5 a4 18. Bd4 axb3 19.
axb3 Rb8 $6 (19... Nd7 20. b4 Nxc5 (20... Re8 {/\Nf8;g6,Bf8-g7}) 21. bxc5 {
+/=/+/- _|_}) 20. Rc3 Nd7 $2 (20... Re8 21. Bxh7+ $1 Kxh7 22. Qh5+ Kg8 23. Rh3
f5 24. Qg6 $1 (24. Qh7+ Kf7 25. Rh6 $2 (25. Qh5+ Kg8 26. Qg6 $1) 25... Rg8 $1
26. Qg6+ Kf8 27. Rh7 Qe8 $17) 24... Bf8 25. Rh7 {/\Qh5,Rh8#} Re7 26. Qh5 g6 27.
Rh8+ Kf7 28. Qh7+ Ke8 29. Rxf8+ $1 Kxf8 30. Qh8+ $18) (20... g6 $142 {/\Re8,
Bf8 +/=/+/-}) 21. Bxh7+ $1 $18 Kxh7 22. Qh5+ Kg8 23. Rh3 f6 24. Nxe6 Qe8 (24...
Qa5 25. Qg6 Rf7 26. Qh7#) 25. Qh7+ Kf7 26. Nxg7 1-0

[Event "Hastings 9192"]
[Site "Hastings"]
[Date "1991.??.??"]
[Round "2"]
[White "Adams, Michael"]
[Black "Suetin, Alexey S"]
[Result "1-0"]
[WhiteElo "2615"]
[BlackElo "2405"]
[Annotator "Blatny,P"]
[PlyCount "63"]
[EventDate "1991.12.??"]
[EventType "tourn"]
[EventRounds "14"]
[EventCountry "ENG"]
[EventCategory "14"]
[SourceTitle "CBM 027"]
[Source "ChessBase"]
[SourceDate "1992.04.01"]
[SourceVersion "1"]
[SourceVersionDate "1992.04.01"]
[SourceQuality "1"]

1. e4 c5 2. Nf3 e6 3. d4 cxd4 4. Nxd4 Nc6 5. Nc3 Qc7 6. f4 a6 {><b5,d6} 7. Nxc6
bxc6 {[+]} 8. Bd3 d5 9. O-O (9. e5 Bc5 (9... c5 10. f5 c4) 10. Qg4 f5 $5 (10...
Kf8 11. Bd2 {/\0-0-0 ->>>}) 11. exf6 Nxf6 12. Qh4 {/\Bd2,0-0-0}) 9... Nf6 10.
Kh1 (10. e5 Nd7) 10... Be7 11. Qf3 Bb7 12. f5 $40 e5 {[+]} (12... exf5 $5) 13.
Qg3 {><g7} d4 14. Nb1 {/\Nd2-c4-e5} c5 {/\c4,Ne4} 15. Nd2 $8 O-O 16. Nc4 Kh8 (
16... Nxe4 $2 17. Bxe4 (17. Qxe5 $10) 17... Bxe4 18. f6 $1 Bxf6 19. Rxf6) (
16... Bxe4 17. Bh6 $40) 17. Re1 {קe4} Nd7 {קe5,/^d8-h4} 18. Bd2 {/^e1-a5-d8}
a5 19. a4 {קa5,b5} Bf6 20. Ra3 $1 {<->3} Nb8 {Nc6,Pa5} 21. Qg4 Nc6 22. Be2 {
<->3} Rfd8 23. Rh3 $1 Kg8 {/\24.Qh5 h6} (23... Ba6 24. Qh5 h6 25. Bxh6 gxh6 26.
Qxh6+ Kg8 27. Qxf6 $18) 24. Rh6 {/\Rf6 +-} g6 25. Qh3 {קh7} Ne7 {קe4} 26. Bd3
Ra6 {<->6} 27. Rxh7 Bg7 28. Rxg7+ $1 Kxg7 29. Qh6+ Kg8 30. Bxa5 $1 Qc6 (30...
Rxa5 31. f6 {/\Qg7#}) (30... Qc8 31. Bxd8 Qxd8 32. Nxe5 Rxa4 33. fxg6 $40) 31.
Bxd8 Nxf5 32. Qg5 (32. Qg5 Nd6 33. Nxe5 $18) (32. exf5 $4 Qxg2#) 1-0

[Event "Berliner Sommer 11th"]
[Site "Berlin"]
[Date "1993.??.??"]
[Round "?"]
[White "Milov, Leonid"]
[Black "Brodsky, Michail"]
[Result "1-0"]
[WhiteElo "2480"]
[BlackElo "2515"]
[Annotator "Brodsky,M"]
[PlyCount "81"]
[EventDate "1993.08.??"]
[EventType "swiss"]
[EventRounds "9"]
[EventCountry "GER"]
[SourceTitle "CBM 038"]
[Source "ChessBase"]
[SourceDate "1994.02.01"]
[SourceVersion "1"]
[SourceVersionDate "1994.02.01"]
[SourceQuality "1"]

1. e4 c5 2. Nf3 e6 3. d4 cxd4 4. Nxd4 Nc6 5. Nc3 a6 6. Nxc6 bxc6 7. Bd3 Qc7 $6
(7... d5) (7... d6) 8. O-O Nf6 9. Qe2 d6 10. Na4 Be7 11. c4 $14 Nd7 12. b3 Bf6
(12... c5 13. Bb2 O-O 14. f4 Bb7 {/\ Rad8, Nb8-c6}) 13. Bb2 Bxb2 14. Qxb2 O-O
15. Rad1 c5 16. f4 Bb7 17. Bb1 Rad8 18. Qf2 Nb6 (18... f6 $6) 19. Nc3 f5 $2 (
19... d5 20. exd5 exd5 21. cxd5 Nxd5 22. Ne4 c4 23. Rc1 c3 24. f5 $16) (19...
f6 $142 $14) 20. exf5 exf5 21. Bd3 Rde8 22. Rfe1 Qf7 23. Be2 $1 Re6 24. Bf3 $16
{xd6, Nb6} Rfe8 25. Rxe6 Rxe6 26. h3 Qe7 27. Rd3 h6 28. Kh2 Kh7 29. Bxb7 (29.
a4 $5 {/\ a5+/-}) 29... Qxb7 30. Qh4 Qd7 31. Qh5 $1 Re1 32. Qf3 $16 Re6 (32...
a5 33. a4 {/\ Nb5+-}) 33. Nd5 Nc8 (33... Nxd5 34. Qxd5 Re2 35. a4 Rb2 36. Re3 {
/\ Re6+-}) 34. Qh5 g6 (34... Re4 35. Nf6+ $3 gxf6 36. Rg3 $18) (34... Re8 35.
Rg3 Rf8 36. Qg6+ Kh8 37. Re3 Kg8 38. Re6 $18) 35. Qh4 Kg7 36. Qf2 $18 Qf7 37.
Qb2+ Kh7 38. Qa3 Qb7 39. Qa5 Kg7 (39... Ne7 $5 40. Qc7 (40. Nxe7 Qxe7 41. Qxa6
d5 42. Qa8 d4 $132) 40... Qc6 41. Qa7 Qe8 42. Qxa6 $18) 40. Qd8 Qc6 (40... Re2
41. Qf6+ Kh7 42. Qf8 $18) (40... h5 41. b4 $1 cxb4 42. Rb3 $18) 41. Re3 (41.
Re3 Rxe3 42. Qf6+ Kh7 43. Qf7+ Kh8 44. Nf6 $18) 1-0

[Event "World Cup"]
[Site "Skelleftea"]
[Date "1989.08.??"]
[Round "2"]
[White "Short, Nigel D"]
[Black "Andersson, Ulf"]
[Result "1/2-1/2"]
[WhiteElo "2660"]
[BlackElo "2635"]
[Annotator "Bulletin"]
[PlyCount "81"]
[EventDate "1989.08.??"]
[EventType "tourn"]
[EventRounds "15"]
[EventCountry "SWE"]
[EventCategory "16"]
[SourceTitle "CBM 014"]
[Source "ChessBase"]
[SourceDate "1990.02.01"]
[SourceVersion "1"]
[SourceVersionDate "1990.02.01"]
[SourceQuality "1"]

1. e4 c5 2. Nf3 Nc6 3. d4 cxd4 4. Nxd4 e6 5. Nc3 a6 {'?!' Bulletin.} 6. Nxc6 {
'!' Bulletin.} bxc6 7. Bd3 d6 8. O-O Nf6 9. f4 Be7 (9... Qc7 10. Qe1 d5 11. Qg3
g6 12. Be3 Be7 13. Bd4 O-O 14. Kh1 {>= 14Tae1! Inr45/204 /Van der
Wiel-Andersson,U/Wijk/1988/0-1/ -> BCM5} Nd7 15. exd5 cxd5 16. Qe3) 10. Kh1 d5
11. e5 Nd7 12. Na4 Bb7 13. Be3 c5 14. b3 O-O 15. c4 d4 16. Bd2 Qc7 17. Qe2 Rae8
18. Rae1 Bc8 19. Nb2 f5 20. exf6 Nxf6 21. Bb1 Bd6 22. Nd3 Bb7 23. Ne5 g6 24.
Bd3 Nd7 25. Kg1 Nxe5 26. fxe5 Rxf1+ 27. Kxf1 Bf8 28. h4 Bg7 29. Kg1 Rf8 30. Qg4
Qf7 31. Qg3 Qe8 32. Bg5 Kh8 33. Qg4 Ba8 34. Qg3 Rf7 35. Rf1 Rxf1+ 36. Kxf1 Qf7+
37. Kg1 Bc6 38. Bf6 Be8 39. Qf4 Kg8 40. g4 Qc7 41. Bxg7 1/2-1/2

[Event "German Masters (Women) 1st"]
[Site "Dresden"]
[Date "2014.11.17"]
[Round "1"]
[White "Osmanodja, Filiz"]
[Black "Schleining, Zoya"]
[Result "0-1"]
[WhiteElo "2322"]
[BlackElo "2351"]
[Annotator "CB"]
[PlyCount "124"]
[EventDate "2014.11.17"]
[EventType "tourn"]
[EventRounds "9"]
[EventCountry "GER"]
[EventCategory "4"]
[SourceTitle "CBM 163 Extra"]
[Source "ChessBase"]
[SourceDate "2014.12.23"]
[SourceVersion "1"]
[SourceVersionDate "2014.12.23"]
[SourceQuality "1"]

1. e4 c5 2. Nf3 Nc6 3. d4 cxd4 4. Nxd4 e6 5. Nc3 a6 6. Nxc6 bxc6 7. Bd3 d5 8.
O-O Nf6 9. Qe2 Be7 10. b3 Qc7 11. Bb2 Bb7 12. Na4 dxe4 13. Bxe4 Nxe4 14. Qxe4 {
während der Live-Kommentierung habe ich die Entscheidung von Zoya sehr gelobt
in diese Stellung zu gehen, mein Gefühl war, dass Zoyas Läufer die
geschwächte Struktur mehr als ausgleichen. Das hält einer objektiven
Betrachtung jedoch nicht Stand. Weiß hat immer noch einen leichten
Eröffnungsvorteil.} c5 15. Qg4 (15. Qe3 {wurde in der letzten
Vorgängerpartie gespielt.} O-O 16. Rad1 Qc6 17. Qg3 f6 18. c4 Rad8 19. f3 Bd6
20. Qh4 Qc7 21. Rde1 Rfe8 22. Bc3 Bc6 23. Nb2 Bf4 24. Re2 Re7 25. Rfe1 e5 26.
Qf2 e4 27. g3 e3 28. Qf1 Bh6 29. f4 Rde8 30. Nd1 Qd8 31. Rxe3 Rxe3 32. Nxe3 g6
33. Nd5 Bg7 34. Rxe8+ Qxe8 35. Qe1 Qxe1+ 36. Bxe1 Kf7 37. Bf2 Bf8 38. Kf1 Bb7
39. Ke2 Ke6 40. Nc3 Bc6 41. Nd1 Be7 42. Nb2 Be4 43. Na4 Bc6 44. Bxc5 Bxa4 45.
Bxe7 Bc6 46. Bd8 Be4 47. Kd2 f5 48. Kc3 Kd7 49. Bg5 Kd6 50. Bh6 Bb1 51. a3 Be4
52. b4 Bc6 53. Bf8+ Kc7 54. Kb3 Bf3 55. b5 Be2 56. Kb4 Kb7 57. a4 {1-0 (57)
Jansa,V (2515)-Espig,L (2465) Germany 1994}) 15... O-O-O 16. Rad1 Bd6 17. Qh5
f5 18. c4 Rhe8 19. Ba3 $6 {stellt den Läufer etwas passiv.} (19. h3 g6 20. Qe2
{dank h3 hätte die Dame wieder mehr Freiheiten gehabt und muss nicht an dem
h-Bauer kleben.}) 19... g6 20. Qh3 Qc6 (20... g5 {hätte die gute Stellung
für Schwarz weiter verbessert, die Läufer stehen bereits optimal und nun
müssen die Bauern ihre Aufgabe gegen den weißen König.}) 21. f3 h5 22. Qh4
g5 23. Qxg5 Qc7 24. Rxd6 $1 {ein starkes Qualitätsopfer.} Qxd6 25. Bxc5 {
2 Bauern für die Qualität und eine Menge spiel auf den schwarzen Feldern.}
Qd3 26. Bf2 (26. Qg7 Qe2 {um De5+ zu verhindern.} (26... Rg8 27. Nb6+ Kb8 28.
Qe5+ $1) 27. Nc3 Qd2 28. Qe5 $14) 26... e5 27. Nc5 Rg8 28. Nxd3 Rxg5 29. Nxe5
Rdg8 30. g3 f4 31. Nf7 R5g6 32. Be1 (32. Ne5 Rg5 33. Nf7 R5g6 34. Ne5 {So
hätte Filiz das Remis sichern können.}) 32... h4 33. c5 (33. g4 Rxg4+ 34.
fxg4 Rxg4+ 35. Bg3 fxg3 36. Nd6+ Kc7 37. Nxb7 Kxb7 {endet in einem remisen
Turmendspiel.}) 33... fxg3 34. Nd6+ Kb8 35. Nxb7 Kxb7 36. hxg3 hxg3 37. f4 Rh6
38. Kg2 $2 {Jetzt ist es eigentlich unmöglich das Endspiel zu halten.} (38.
Rf3 {sichert die Punkteteilung.} g2 39. Bg3 a5 40. Kxg2 Kc6) 38... Rh2+ 39. Kf3
Rxa2 (39... Rc2 {gewinnt die Partie schneller, da nun Lxg3 wegen Tc3+ nicht
möglich ist,}) 40. Bxg3 Rb2 41. Bh4 Rxb3+ 42. Ke4 Kc6 43. Ra1 Kb5 44. Bf6 Rc8
45. Bd4 Rb4 46. Ke3 Re8+ 47. Be5 Rc4 48. c6 Rxc6 49. Rb1+ Kc4 50. Ke4 Rc5 51.
Ra1 a5 52. Rc1+ Kb5 53. Rb1+ Kc6 54. Ra1 Ra8 55. Bd4 Rc4 56. Kd3 Kd5 57. Bc3 a4
58. f5 Rg8 59. Ra3 Rg3+ 60. Kd2 Rh4 61. f6 Ke6 62. Kd1 Rh2 0-1

[Event "Jermuk FIDE GP (Women)"]
[Site "Jermuk"]
[Date "2012.07.28"]
[Round "11"]
[White "Munguntuul, Batkhuyag"]
[Black "Danielian, Elina"]
[Result "1/2-1/2"]
[WhiteElo "2447"]
[BlackElo "2480"]
[Annotator "CB"]
[PlyCount "104"]
[EventDate "2012.07.16"]
[EventType "tourn"]
[EventRounds "11"]
[EventCountry "ARM"]
[EventCategory "11"]
[SourceTitle "CBM 150"]
[Source "ChessBase"]
[SourceDate "2012.09.14"]
[SourceVersion "1"]
[SourceVersionDate "2012.09.14"]
[SourceQuality "1"]

{A wild ending was seen in this game, where the Mongolian participant was
seeking her first win. White embarked on a relatively rare variation in the
opening, but Black was able to parry White's ideas and achieve a balanced
position. In the next phase of the game, however, Black played a bit
indecisively and White had an opportunity to leap ahead with a big advantage,
but missed this chance.} 1. e4 c5 2. Nf3 e6 3. d4 cxd4 4. Nxd4 Nc6 5. Nc3 a6 6.
Nxc6 bxc6 7. e5 Qc7 8. f4 d5 9. exd6 Bxd6 10. Ne4 Be7 11. Bd3 Nf6 12. O-O O-O
13. Qf3 Bb7 14. Be3 Nd5 15. Bc5 f5 16. Bxe7 Qxe7 17. Nd2 c5 18. Qe2 Nb4 19. Nc4
Nxd3 20. cxd3 Rad8 21. Rac1 Rd4 22. Rc3 Qd7 23. a3 Rb8 24. Rf2 Rd8 25. Ne5 Qd5
26. Qe3 h6 27. h3 a5 28. Rfc2 Rc8 29. Nf3 Kh7 30. Qd2 Ra4 31. d4 Qd8 32. dxc5
Bd5 33. Ne5 Qh4 34. Kh2 $2 ({White could have turned a small advantage into
something larger with} 34. Nc4 $1 Rxc5 35. b3 $18) 34... Qxf4+ 35. Qxf4 Rxf4 {
and Black equalized. In mutual zeitnot in the endgame phase, both sides began
to play actively, and after mutual inaccuracies due to the rapid moves back
and forth, the game ended with a repetition of moves and the draw was agreed.}
36. c6 Rc7 37. Rc5 a4 38. Nd3 Rd4 39. Nb4 Be4 40. Re2 g5 41. Rc3 Rd6 42. b3
axb3 43. Rxb3 Kg6 44. Rc3 h5 45. a4 h4 46. a5 Rd1 47. Na6 Rc8 48. c7 Kh5 49.
Nc5 Bd5 50. Nxe6 g4 51. hxg4+ fxg4 52. Re5+ Kh6 1/2-1/2

[Event "Gibraltar Masters 13th"]
[Site "Caleta"]
[Date "2015.02.01"]
[Round "6"]
[White "Yu, Yangyi"]
[Black "Vazquez Igarza, Renier"]
[Result "1-0"]
[WhiteElo "2724"]
[BlackElo "2592"]
[Annotator "CB"]
[PlyCount "85"]
[EventDate "2015.01.27"]
[EventType "swiss"]
[EventRounds "10"]
[EventCountry "GGB"]
[SourceTitle "CBM 165"]
[Source "ChessBase"]
[SourceDate "2015.03.11"]
[SourceVersion "1"]
[SourceVersionDate "2015.03.11"]
[SourceQuality "1"]

1. e4 c5 2. Nf3 e6 3. d4 cxd4 4. Nxd4 Nc6 5. Nc3 a6 6. Nxc6 bxc6 7. Bd3 d5 8.
O-O Nf6 9. Re1 Bb7 10. Qf3 Be7 11. Bf4 O-O 12. Rad1 Nd7 13. Na4 g6 14. b3 Re8
15. c3 Bf8 16. e5 a5 17. Qg3 Ba6 18. h4 Bxd3 19. Rxd3 Nb6 20. Bg5 Qb8 21. Nxb6
Qxb6 22. h5 a4 23. b4 c5 24. Be3 Qb5 25. Bxc5 Bxc5 26. bxc5 Qxc5 27. Rd4 Rac8
28. Re3 Qa3 29. Kh2 Qxa2 30. Qh4 Qa3 31. Rxa4 Qe7 32. Qg4 Rc7 33. Rf4 Rec8 34.
Qg3 Qf8 $2 (34... Rc4 $1 $11 {stops all the nonsense that is about to occur.})
35. hxg6 hxg6 36. Rh4 Rc4 {Too little, too late.} 37. f4 $1 {Oops, now the
rook is locked out of the kingside.} Re4 38. Rf3 d4 (38... Rb8 39. Qg5 Qg7 40.
Rfh3 {is deadly, as White will follow up with Qf6 and the trade of queens does
not save Black from checkmate.}) 39. cxd4 Rc1 40. Qh3 Qg7 41. Rb3 Rc8 42. d5 {
unfortunately for Black, in this variation the rook on c8 is hanging, so d5
cannot be taken.} g5 43. dxe6 1-0

[Event "Vrbas"]
[Site "Vrbas"]
[Date "1980.??.??"]
[Round "?"]
[White "Ivanovic, Bozidar"]
[Black "Bukic, Enver"]
[Result "1-0"]
[WhiteElo "2440"]
[BlackElo "2500"]
[Annotator "ChessBase"]
[PlyCount "71"]
[EventDate "1980.??.??"]
[EventType "tourn"]
[EventRounds "11"]
[EventCountry "YUG"]
[EventCategory "11"]
[SourceTitle "EXT 1999"]
[Source "ChessBase"]
[SourceDate "1998.11.16"]
[SourceVersion "1"]
[SourceVersionDate "1998.11.16"]
[SourceQuality "1"]

1. e4 c5 2. Nf3 e6 3. d4 cxd4 4. Nxd4 Nc6 5. Nc3 a6 6. Be2 Nge7 7. Nb3 Na5 8.
Nxa5 Qxa5 9. O-O Nc6 10. a3 d6 11. Be3 Be7 12. f4 O-O 13. Qe1 b5 14. Qg3 Qc7
15. Rad1 Kh8 16. f5 Ne5 17. Qh3 Bd7 18. g4 Rae8 19. Rf2 Qb7 20. g5 exf5 21.
exf5 g6 22. Nd5 Bxf5 23. Qh6 f6 $2 (23... Rg8 $1) 24. gxf6 Rxf6 25. Nxf6 Bxf6
26. Rxf5 Nf7 27. Rxf6 Nxh6 28. Bxh6 Qa7+ 29. Kh1 Qb7+ 30. Bf3 Qe7 31. Rfxd6 Qh4
32. Bd2 Kg7 33. Rd7+ Re7 34. Bb4 Rxd7 35. Rxd7+ Kh8 36. Bd5 1-0

[Event "London Phillips&Drew"]
[Site "London"]
[Date "1984.05.01"]
[Round "5"]
[White "Timman, Jan H"]
[Black "Andersson, Ulf"]
[Result "1-0"]
[WhiteElo "2610"]
[BlackElo "2630"]
[Annotator "ChessBase"]
[PlyCount "83"]
[EventDate "1984.04.26"]
[EventType "tourn"]
[EventRounds "13"]
[EventCountry "ENG"]
[EventCategory "14"]
[SourceTitle "MCL"]
[Source "ChessBase"]
[SourceDate "1999.07.01"]
[SourceVersion "1"]
[SourceVersionDate "1999.07.01"]
[SourceQuality "1"]

1. e4 c5 2. Nf3 e6 3. d4 cxd4 4. Nxd4 Nc6 5. Nc3 a6 6. Be3 Nf6 7. Bd3 d5 8.
exd5 exd5 9. O-O Bd6 10. Be2 h6 11. Re1 O-O 12. Bf3 Re8 (12... Ne5 $5) 13. h3
Bc7 14. Nde2 Be6 15. Nf4 Bxf4 16. Bxf4 Qb6 17. Qd2 Rad8 18. Na4 Qd4 19. Nc3
Qxd2 (19... Qb6 $5) 20. Bxd2 Nb4 21. Rac1 Bf5 22. Rxe8+ Rxe8 23. Ne2 Nxc2 24.
Bc3 Rd8 25. g4 Bh7 26. Nd4 Nxd4 27. Bxd4 Be4 28. Be2 Ne8 29. f3 Bg6 30. Kf2 f6
31. a4 Kf7 32. b4 Ke6 33. f4 Be4 34. b5 axb5 35. f5+ Ke7 36. Bxb5 Kf7 37. Bb6
Ra8 38. Bd7 g6 39. a5 Kg8 40. fxg6 Bxg6 41. Rc8 Rxc8 42. Bxc8 (42. Bxc8 Nd6 43.
Bxb7 Nxb7 44. a6 $18) 1-0

[Event "Interpolis-09"]
[Site "Tilburg"]
[Date "1985.09.13"]
[Round "12"]
[White "Timman, Jan H"]
[Black "Polugaevsky, Lev"]
[Result "1/2-1/2"]
[WhiteElo "2640"]
[BlackElo "2600"]
[Annotator "ChessBase"]
[PlyCount "139"]
[EventDate "1985.08.28"]
[EventType "tourn"]
[EventRounds "14"]
[EventCountry "NED"]
[EventCategory "15"]
[SourceTitle "MCL"]
[Source "ChessBase"]
[SourceDate "1999.07.01"]
[SourceVersion "1"]
[SourceVersionDate "1999.07.01"]
[SourceQuality "1"]

1. e4 c5 2. Nf3 e6 3. d4 cxd4 4. Nxd4 Nc6 5. Nc3 a6 6. Nxc6 bxc6 7. e5 Qc7 8.
f4 d5 9. exd6 Bxd6 10. Qg4 g6 11. Bd2 Nf6 12. Qg5 Be7 $6 (12... Nd5 13. Nxd5
cxd5 14. Bc3 O-O 15. Qf6 e5 16. fxe5 Re8 $13) 13. Qe5 $1 Qxe5+ 14. fxe5 Ng4 15.
Ne4 $1 Nxe5 16. Bc3 f6 17. Bxe5 (17. O-O-O $5) 17... fxe5 18. O-O-O Ra7 19. Bc4
Rd7 20. Rde1 Rd4 21. Bb3 a5 22. c3 Rd8 23. Bc4 Rf8 24. Re2 Kd7 25. Nf2 Kc7 26.
Nd3 Bg5+ 27. Kc2 e4 28. Rxe4 e5 29. Rxe5 Bf5 30. Rhe1 Kb6 31. g4 Bxd3+ 32. Bxd3
Rf2+ 33. R1e2 Rxe2+ 34. Rxe2 Rf8 35. a4 $6 Rf4 36. Re6 Rxa4 37. Be4 Rc4 38. Kd3
Rc5 39. Re8 Bc1 40. h3 a4 41. Kc2 Bf4 42. Re6 a3 43. bxa3 (43. b4 Rc4 44. Bd3
a2 45. Re1 Rxc3+ $1 46. Kxc3 Be5+ 47. Kc4 a1=Q 48. Rxa1 Bxa1 $10) 43... Be5 44.
Bxc6 Kc7 45. Be8 Rxc3+ 46. Kd2 Rc5 47. a4 Bf4+ 48. Kd3 Re5 49. Rc6+ Kb7 50. Rc4
Re3+ 51. Kc2 Bg5 52. Bc6+ Ka7 53. Be4 Rxh3 54. Rc7+ Kb6 55. Rc6+ Ka7 56. a5 Bd8
57. Bd3 Rh2+ 58. Kd1 Rh1+ 59. Ke2 Rh2+ 60. Kf3 Ra2 61. a6 Bb6 62. Ke4 Ra5 63.
Re6 Rc5 64. Re7+ Rc7 65. Re8 Bc5 66. Rd8 Bb6 67. Rd6 Bc5 68. Rd5 Re7+ 69. Kf3
Bb6 70. Kf4 1/2-1/2

[Event "Interzonal-13a"]
[Site "Tunis"]
[Date "1985.05.12"]
[Round "12"]
[White "De Firmian, Nick E"]
[Black "Zapata, Alonso"]
[Result "1-0"]
[WhiteElo "2540"]
[BlackElo "2535"]
[Annotator "ChessBase"]
[PlyCount "115"]
[EventDate "1985.04.27"]
[EventType "tourn"]
[EventRounds "17"]
[EventCountry "TUN"]
[EventCategory "11"]
[SourceTitle "IZT"]
[Source "ChessBase"]
[SourceDate "1999.07.01"]
[SourceVersion "1"]
[SourceVersionDate "1999.07.01"]
[SourceQuality "1"]

1. e4 c5 2. Nf3 e6 3. d4 cxd4 4. Nxd4 Nc6 5. Nc3 a6 6. g3 Nge7 7. Nb3 d6 8. Bg2
Bd7 9. O-O Nc8 10. a4 Be7 11. Qe2 O-O 12. Be3 Na5 13. Nxa5 Qxa5 14. Bd4 Bd8 15.
Rfd1 (15. Rad1 $5) 15... Bc6 16. Qc4 Nb6 17. Qb3 Nd7 18. Qa3 Be7 19. Nd5 Bxd5 (
19... exd5 $5 20. exd5 Bxa4 21. Qxa4 Qxa4 22. Rxa4 $10) 20. exd5 e5 21. Be3
Rac8 22. Rac1 f5 23. c4 Qc7 24. a5 e4 25. b4 Ne5 26. c5 Qd7 27. Bf4 Bf6 28. f3
Nd3 29. Rxd3 exd3 30. Qxd3 dxc5 31. bxc5 Qa4 32. Be3 f4 33. gxf4 Rfe8 34. Bf2
Qxf4 35. Rc4 $1 Qe5 36. d6 Rcd8 37. f4 Qa1+ 38. Bf1 Kh8 39. Qd5 Qb1 40. Kg2
Qg6+ 41. Kf3 Qb1 42. Kg2 Qg6+ 43. Bg3 Re3 44. Kf2 Rb3 45. Re4 Rb2+ 46. Kf3 h5
47. Bh3 h4 48. Bf2 Rf8 49. d7 Bg5 50. Qd6 Qxd6 51. cxd6 Kh7 52. Kg4 Bd8 53. Re8
Rg8 54. Bxh4 Bxa5 55. Rxg8 Kxg8 56. d8=Q+ Bxd8 57. Bxd8 Rd2 58. Bc7 1-0

[Event "London Phillips&Drew"]
[Site "London"]
[Date "1984.04.29"]
[Round "4"]
[White "Nunn, John DM"]
[Black "Timman, Jan H"]
[Result "1/2-1/2"]
[WhiteElo "2600"]
[BlackElo "2610"]
[Annotator "ChessBase"]
[PlyCount "97"]
[EventDate "1984.04.26"]
[EventType "tourn"]
[EventRounds "13"]
[EventCountry "ENG"]
[EventCategory "14"]
[SourceTitle "MCL"]
[Source "ChessBase"]
[SourceDate "1999.07.01"]
[SourceVersion "1"]
[SourceVersionDate "1999.07.01"]
[SourceQuality "1"]

1. e4 c5 2. Nf3 e6 3. d4 cxd4 4. Nxd4 Nc6 5. Nc3 a6 6. f4 d5 7. Be3 Bb4 8. e5
Nge7 9. a3 Ba5 10. Bd3 Nxd4 11. Bxd4 Nc6 $6 (11... Bb6 $5 12. Ne2 Bxd4 13. Nxd4
Qb6 $10) 12. Bf2 f5 13. Qh5+ g6 14. Qh6 d4 15. Qg7 Rf8 16. b4 Qd7 $1 17. Qxd7+
Bxd7 18. Ne2 Bb6 19. c4 (19. c3 $1 $16) 19... g5 20. g3 O-O-O 21. Kd2 Rg8 22.
Rhg1 Be8 23. h4 h6 24. hxg5 hxg5 25. Rh1 Bc7 26. Rh6 Bf7 27. Rah1 Kb8 28. Ng1
$2 Bxe5 $1 29. fxe5 Nxe5 30. Ne2 Ng4 31. Bxd4 e5 32. Rf6 $1 Be8 33. Rxf5 exd4
34. Rd5 Rxd5 35. cxd5 Nf2 36. Rh6 Nxd3 37. Kxd3 Bb5+ 38. Kd2 Bxe2 39. Kxe2 Re8+
40. Re6 Rf8 41. Re4 Kc7 42. Rxd4 Kd6 43. Ke3 Rf1 44. Rd3 b6 45. Ke4 a5 46. bxa5
bxa5 47. Rb3 Re1+ 48. Kf3 Rd1 49. Kg4 1/2-1/2